UBT Library

Work : (Record no. 41754)

000 -LEADER
fixed length control field 00923cam a22002894a 4500
001 - CONTROL NUMBER
control field 16829435
005 - DATE AND TIME OF LATEST TRANSACTION
control field 20180205071626.0
008 - FIXED-LENGTH DATA ELEMENTS--GENERAL INFORMATION
fixed length control field 110614s2012 paua b 001 0 eng
010 ## - LIBRARY OF CONGRESS CONTROL NUMBER
LC control number 2011025293
016 7# - NATIONAL BIBLIOGRAPHIC AGENCY CONTROL NUMBER
Record control number 101562632
Source DNLM
020 ## - INTERNATIONAL STANDARD BOOK NUMBER
International Standard Book Number 9780803600164
020 ## - INTERNATIONAL STANDARD BOOK NUMBER
International Standard Book Number 080360016X
035 ## - SYSTEM CONTROL NUMBER
System control number (OCoLC)ocn731127520
040 ## - CATALOGING SOURCE
Original cataloging agency DNLM/DLC
Transcribing agency DLC
Modifying agency YDX
-- NLM
-- YDXCP
-- DLC
041 ## - LANGUAGE CODE
Language code of text/sound track or separate title eng
042 ## - AUTHENTICATION CODE
Authentication code pcc
060 10 - NATIONAL LIBRARY OF MEDICINE CALL NUMBER
Classification number WB 555
080 ## - UNIVERSAL DECIMAL CLASSIFICATION NUMBER
Universal Decimal Classification number 616.89165 BRA
082 00 - DEWEY DECIMAL CLASSIFICATION NUMBER
Classification number 616.89165 BRA
Edition number 23
100 ## - Rafti
Rafti 8
101 ## - Shkurtesa
Shkurtesa EGF
245 00 - TITLE STATEMENT
Title Work :
Statement of responsibility, etc Brent H. Braveman, Jill J. Page.
504 ## - BIBLIOGRAPHY, ETC. NOTE
Bibliography, etc Includes bibliographical references and index.
906 ## - LOCAL DATA ELEMENT F, LDF (RLIN)
a 7
b cbc
c orignew
d 1
e ecip
f 20
g y-gencatlg
942 ## - ADDED ENTRY ELEMENTS (KOHA)
Source of classification or shelving scheme
Item type Books
Holdings
Withdrawn status Lost status Source of classification or shelving scheme Damaged status Not for loan Collection code Permanent location Current location Shelving location Date acquired Total Checkouts Full call number Barcode Date last seen Price effective from Koha item type
          Koleksioni i përgjithshem UBT - Lipjan UBT - Lipjan Koleksioni i përgjithshem 02/05/2018   616.89165 BRA 002-2997100 02/05/2018 02/05/2018 Books
UBT Library © 2015-2024. All rights reserved University Education for Business and Technology